00562nam a2200193uu 4500001001200000003000400012005001700016007000300033008004100036020001800077040000800095041000800103100005700111245009800168260004100266300002300307650001900330651001900349WIIW0000188OSt20250110143229.0tu250110t2020 xxk||||| ||||||0| | eng d a0-415-06630-1 cOSt aeng dJános Mátyás Kovács and Márton Tardos, Ed.00aReform and transformation in Eastern EuropebSoviet-type economics on the threshold of change aLondon, New York :bRoutledgec1992. a345 S. ;c21,5 cm. aTransformation aEastern Europe